000 00986nam a2200277 a 4500
003 CO-ViMGA
005 20230915225022.0
008 130902s2013 ck gr 000 0dspa d
020 _a9789588773568
040 _aCO-ViMGA
_bspa
_cCO-ViMGA
043 _an-us---
082 0 4 _a926
_bJ61i2
_221
100 1 _aIsaacson, Walter.
_9145
245 1 0 _aSteve Jobs :
_bla biografía /
260 _aBogotá :
_bRandom House Mondadori,
_c2013.
300 _a737 p., [14] p. de láminas :
_bil. ;
_c22 cm.
490 0 _aDebolsillo ;
_v977
504 _aIncluye bibliografía e índice.
534 _pTítulo original :
_tSteve Jobs.
600 1 4 _aJobs, Steven,
_d1955-2011
_v Biografías.
_9146
600 1 4 _aJobs, Steven,
_d1955-2011
_x Toma de decisiones.
_9147
610 2 4 _aApple Computer Incorporated
_x Historia.
_9148
650 1 4 _aIndustria de los computadores
_x Historia
_z Estados Unidos.
_9149
700 1 _aGonzález-Iglesias González, David,
_etr.
_9150
942 _2ddc
_cBK
999 _c8122
_d8122